000 00677nam a2200229 i 4500
001 147472
003 ES-MaACL
005 20250701022007.0
007 t|
008 071001q1984 sp ||||1| spa d
020 _a84-7339-696-0
080 _a821.134.2-14"19"
100 1 _aUnamuno, Miguel de,
_d1864-1936
_9111982
245 1 0 _aCancionero /
_cMiguel de Unamuno ; prólogo de Andrés Trapiello.
260 _a[Madrid] :
_bAkal,
_c[1984]
300 _a594 p. ;
_c17 cm.
490 1 _aAkal bolsillo ;
_v120
700 0 _aTrapiello, Andrés,
_d1953-
_9111233
830 1 0 _aAkal bolsillo
_v120
_9178001
852 _aES-MaACL
_jL-6490
999 _c147472
_d147472